|
|
|
|
| LEADER |
00000nab a2200000 a 4500 |
| 001 |
vtls000393019 |
| 003 |
SK-MaSNL |
| 005 |
20260303211638.0 |
| 008 |
160201c1987 xo 0 cze |
| 015 |
|
|
|a SNBRA19rr/mm-uuuuu
|
| 035 |
|
|
|a CL0393143
|
| 040 |
|
|
|a SNKBUCL
|b slo
|c SNKBUCL
|e AACR2
|
| 041 |
0 |
|
|a cze
|
| 044 |
|
|
|a xo
|c SK
|
| 080 |
|
|
|a 621.376:621.391.6
|2 1981
|
| 080 |
|
|
|a 621.391.6
|2 1981
|
| 100 |
1 |
|
|a Šimša, Jan,
|d 1943-
|4 aut
|9 84865
|
| 245 |
1 |
0 |
|a Modemy pro přenos číslicového signálu čtyřstavovým klíčováním fáze nosné
|c J. Šimša ; J. Šišma
|
| 300 |
|
|
|b Res. angl.
|
| 650 |
0 |
7 |
|a signály číslicové
|2 snkbucl
|9 733953
|
| 650 |
0 |
7 |
|a prenos signálov
|2 snkbucl
|9 25773
|
| 650 |
0 |
7 |
|a modemy
|2 snkbucl
|9 994738
|
| 655 |
|
7 |
|a články zo zborníkov
|2 snkbucl
|9 166140
|
| 700 |
1 |
|
|a Šišma, J.
|4 aut
|9 1243732
|
| 773 |
0 |
|
|t MITEKO 87
|d Bratislava : Dom techniky ČSVTS, 1987
|g S. 32-33
|
| 850 |
|
|
|a Slovenská národná knižnica v Martine
|a MTA001
|
| 852 |
|
|
|a SNK
|b KIS3GCP
|
| 958 |
|
|
|a RK
|
| 958 |
|
|
|a CZ
|
| 992 |
|
|
|a RZB
|
| 999 |
|
|
|c 2203713
|d 2205643
|